|
|
|
|
| LEADER |
01450nam a2200385 a 4500 |
| 001 |
EBC835626 |
| 003 |
MiAaPQ |
| 005 |
20200520144314.0 |
| 006 |
m o d | |
| 007 |
cr cn||||||||| |
| 008 |
091001s2010 aluab sb 001 0 eng d |
| 010 |
|
|
|z 2009038142
|
| 020 |
|
|
|z 9780817316778 (cloth alk. paper)
|
| 020 |
|
|
|z 0817316779 (cloth alk. paper)
|
| 020 |
|
|
|a 9780817384432 (electronic bk.)
|
| 035 |
|
|
|a (MiAaPQ)EBC835626
|
| 035 |
|
|
|a (Au-PeEL)EBL835626
|
| 035 |
|
|
|a (CaPaEBR)ebr10527739
|
| 035 |
|
|
|a (OCoLC)772459654
|
| 040 |
|
|
|a MiAaPQ
|c MiAaPQ
|d MiAaPQ
|
| 043 |
|
|
|a n-us-co
|
| 050 |
|
4 |
|a TN413.Z6
|b N496 2010
|
| 082 |
0 |
4 |
|a 338.7/6223422
|2 22
|
| 100 |
1 |
|
|a Morris, Jack H.
|
| 245 |
1 |
0 |
|a Going for gold
|h [electronic resource] :
|b the history of Newmont Mining Corporation /
|c Jack H. Morris.
|
| 260 |
|
|
|a Tuscaloosa :
|b University of Alabama Press,
|c c2010.
|
| 300 |
|
|
|a xix, 395 p. :
|b ill., maps.
|
| 504 |
|
|
|a Includes bibliographical references and index.
|
| 533 |
|
|
|a Electronic reproduction. Ann Arbor, MI : ProQuest, 2015. Available via World Wide Web. Access may be limited to ProQuest affiliated libraries.
|
| 610 |
2 |
0 |
|a Newmont Mining Corporation.
|
| 650 |
|
0 |
|a Gold mines and mining
|z Colorado
|x History.
|
| 651 |
|
0 |
|a Colorado
|x Gold discoveries.
|
| 655 |
|
4 |
|a Electronic books.
|
| 710 |
2 |
|
|a ProQuest (Firm)
|
| 856 |
4 |
0 |
|u https://ebookcentral.proquest.com/lib/matrademy/detail.action?docID=835626
|z Click to View
|